000 00502nam a2200169 i 4500
001 20615
003 ES-MaACL
005 20230906152332.0
007 t|
008 021115s1939 gw |||| | ger d
100 1 _aAckermann, Georg.
_918282
245 1 0 _aSpanien wirtschaftlichgesehen /
_cGeorg Ackermann.
260 _aLeipzig :
_bGedruckt bei Oswalhd Schmidt,
_c[1939]
300 _a110 p. ;
_c19 cm.
651 4 _aEspaña-
_xSituación económica-
_y1931-1939.
_9165058
852 _aES-MaACL
_jA-5315
999 _c20615
_d20615